<?xml version="1.0" encoding="UTF-8"?><?xml-stylesheet type="text/xsl" href="static/style.xsl"?><OAI-PMH xmlns="http://www.openarchives.org/OAI/2.0/" xmlns:xsi="http://www.w3.org/2001/XMLSchema-instance" xsi:schemaLocation="http://www.openarchives.org/OAI/2.0/ http://www.openarchives.org/OAI/2.0/OAI-PMH.xsd"><responseDate>2026-04-14T04:53:44Z</responseDate><request verb="GetRecord" identifier="oai:www.recercat.cat:20.500.14226/1575" metadataPrefix="marc">https://recercat.cat/oai/request</request><GetRecord><record><header><identifier>oai:recercat.cat:20.500.14226/1575</identifier><datestamp>2026-01-15T12:13:21Z</datestamp><setSpec>com_2072_482492</setSpec><setSpec>com_2072_482491</setSpec><setSpec>com_2072_5211</setSpec><setSpec>col_2072_482496</setSpec></header><metadata><record xmlns="http://www.loc.gov/MARC21/slim" xmlns:dcterms="http://purl.org/dc/terms/" xmlns:xsi="http://www.w3.org/2001/XMLSchema-instance" xmlns:doc="http://www.lyncode.com/xoai" xsi:schemaLocation="http://www.loc.gov/MARC21/slim http://www.loc.gov/standards/marcxml/schema/MARC21slim.xsd">
   <leader>00925njm 22002777a 4500</leader>
   <datafield ind2=" " ind1=" " tag="042">
      <subfield code="a">dc</subfield>
   </datafield>
   <datafield ind2=" " ind1=" " tag="720">
      <subfield code="a">Centre d'Estudis Jurídics i Formació Especialitzada (Catalunya)</subfield>
      <subfield code="e">author</subfield>
   </datafield>
   <datafield ind2=" " ind1=" " tag="260">
      <subfield code="c">2008-12-03</subfield>
   </datafield>
   <datafield ind2=" " ind1=" " tag="520">
      <subfield code="a">Quant ens plantejarem quins eren els temes interessants a tractar per la comunitat de&#xd;
practiques i gestió del coneixement en el curs 2008, el grup de psicòlegs/es de les&#xd;
presons de Catalunya assenyalarem, entre d’altres, dos inquietuds o necessitats que&#xd;
consideràvem de primer ordre i que tenen molt a veure amb les funcions i objectius del&#xd;
nostre treball en el tractament de les persones que delinqueixen, la discussió i estudi&#xd;
dels quals haurien de confluir en la recerca d’excel·lència i un millor rendiment en la&#xd;
tasca que estem fent.</subfield>
   </datafield>
   <datafield ind1="8" ind2=" " tag="024">
      <subfield code="a">https://hdl.handle.net/20.500.14226/1575</subfield>
   </datafield>
   <datafield tag="653" ind2=" " ind1=" ">
      <subfield code="a">Psicologia penitenciària</subfield>
   </datafield>
   <datafield tag="653" ind2=" " ind1=" ">
      <subfield code="a">Teràpia de la conducta</subfield>
   </datafield>
   <datafield tag="653" ind2=" " ind1=" ">
      <subfield code="a">Presons--Catalunya</subfield>
   </datafield>
   <datafield ind2="0" ind1="0" tag="245">
      <subfield code="a">Indicadors de canvi en el tractament psicològic penitenciari</subfield>
   </datafield>
</record></metadata></record></GetRecord></OAI-PMH>